000 00483nam a2200157 i 4500
001 48928
003 ES-MaACL
005 20230906161840.0
007 t|
008 030702s1977 sp ||||1| spa d
100 1 _aCores Trasmonte, Baldomero.
_940583
245 1 3 _aLa devolución de Galicia
_b: el estatuto : ayer y hoy /
_cBaldomero Cores Trasmonte.
260 _a[Santiago de Compostela :
_bs.n.,
_c1977]
300 _aIX, 138 p. ;
_c18 cm.
852 _aES-MaACL
_jA-7895
_bR.96685
999 _c48928
_d48928